Statistics for Biggest city to Province #1

Click here to take the quiz!

General Stats

  • This quiz has been taken 348 times
  • The average score is 6 of 15

Answer Stats

HintAnswer% Correct
ColoradoDenver
94%
South AustraliaAdelaide
84%
ManitobaWinnipeg
70%
ApuliaBari
53%
GaliciaVigo
50%
East JavaSurabaya
48%
Mecklenburg-VorpommernRostock
39%
Minas GeraisBelo Horizonte
37%
DevonExeter
32%
Free StateBloemfontein
30%
LimburgMaastricht
30%
Primorsky KraiVladivostok
26%
KarnatakaBangalore
21%
VestlandBergen
19%
GuizhouGuiyang
16%

Score Distribution

Percentile by Number Answered

Percent of People with Each Score

Your Score History

You have not taken this quiz